000 00569cam a22001931 4500
001 ca 36000171
003 DLC
005 20260227111140.0
008 881115s1936 mau 000 0 eng
010 _aca 36000171
035 _a(OCoLC)18763123
040 _aDLC
_cRPB
_dDLC
042 _apremarc
050 0 0 _aBV2086
_b.E35
100 1 _aEckardt, Frances Dyer.
245 1 4 _aThe kingdom of God;
_ba missionary play in one act,
_cby Frances Dyer Eckardt.
260 _aBoston, Mass.,
_aLos Angeles, Cal.
_b[Walter H. Baker Company,
_cc1936]
300 _a26 p.
_c19 cm.
999 _c18018
_d18018